[Event "GER-ch Net Amateur Gr-B Vor2"]
[Site "Playchess.com INT"]
[Date "2020.04.15"]
[Round "1"]
[White "Kanbach, Mike"]
[Black "Althaus, Lennart"]
[Result "1-0"]
[WhiteElo "1494"]
[BlackElo "1674"]
[PlyCount "69"]
[EventDate "2020.04.15"]
[EventType "swiss (blitz)"]
[EventRounds "9"]
[EventCountry "GER"]
[SourceTitle "CBM 196 Extra"]
[Source "ChessBase"]
[SourceDate "2020.07.31"]
[SourceVersion "1"]
[SourceVersionDate "2020.07.31"]
[SourceQuality "1"]

1. Nf3 Nf6 2. d4 d5 3. e3 c6 4. Bd3 Bg4 5. h3 Bxf3 6. Qxf3 Nbd7 7. c4 dxc4 8. Bxc4 e6 9. Nc3 Be7 10. 0-0 0-0 11. Bd3 Nb6 12. Rd1 Nbd5 13. e4 Nxc3 14. bxc3 Rc8 15. Be3 c5 16. e5 Nd5 17. Qh5 g6 18. Qf3 Nxc3 19. Rdc1 cxd4 20. Bh6 Re8 21. Qxb7 Rc7 22. Qf3 Bf8 23. Bf4 Bg7 24. Qg3 Nd5 25. Bd2 Qd7 26. h4 h5 27. Bg5 Nb4 28. Be4 Rxc1+ 29. Rxc1 Nxa2 30. Ra1 Nc3 31. Bf3 Nd5 32. Bxh5 gxh5 33. Bf6 Nxf6 34. exf6 Qe7 35. Qxg7# 1-0

[Event "GER-ch Net Amateur Gr-B Vor2"]
[Site "Playchess.com INT"]
[Date "2020.04.15"]
[Round "5"]
[White "Kanbach, Mike"]
[Black "Lang, Nico"]
[Result "1-0"]
[WhiteElo "1494"]
[BlackElo "1620"]
[PlyCount "135"]
[EventDate "2020.04.15"]
[EventType "swiss (blitz)"]
[EventRounds "9"]
[EventCountry "GER"]
[SourceTitle "CBM 196 Extra"]
[Source "ChessBase"]
[SourceDate "2020.07.31"]
[SourceVersion "1"]
[SourceVersionDate "2020.07.31"]
[SourceQuality "1"]

1. Nf3 c5 2. e3 e6 3. d4 cxd4 4. exd4 d5 5. Bd3 Nc6 6. c3 Nf6 7. Nbd2 Bd6 8. 0-0 0-0 9. Re1 h6 10. Ne5 a6 11. Ndf3 Nd7 12. Bc2 Qc7 13. Qd3 f5 14. Ng6 Rf6 15. Nfh4 Nf8 16. Nxf8 Rxf8 17. Nf3 Bd7 18. Bd2 Rae8 19. Rad1 b5 20. Bc1 g5 21. h3 Rf7 22. Bd2 Bf4 23. Bb1 Rg7 24. Kh1 Bxd2 25. Qxd2 Kh7 26. Qe2 h5 27. Ne5 Nxe5 28. Qxh5+ Kg8 29. Rxe5 Ree7 30. Qe2 g4 31. h4 Rh7 32. g3 Bc8 33. Re1 Rh6 34. Bxf5 Rf7 35. Bxe6 Rxe6 36. Rxe6 Bxe6 37. Qxe6 Kf8 38. Qh6+ Rg7 39. Qf6+ Kg8 40. Re8+ Kh7 41. Qf5+ Rg6 42. Qf8 Qg7 43. Re7 Qxe7 44. Qxe7+ Rg7 45. Qe6 Rg6 46. Qf7+ Kh6 47. Qf4+ Kh7 48. Kg1 Kg7 49. h5 Rf6 50. Qg5+ Kf7 51. h6 Rg6 52. Qf5+ Ke8 53. h7 Rh6 54. Qe5+ Kf7 55. h8Q Rxh8 56. Qxh8 Ke6 57. Kf1 Kd6 58. Ke2 Kc6 59. Ke3 a5 60. Kf4 b4 61. Ke5 bxc3 62. bxc3 a4 63. Qc8+ Kb5 64. Qc5+ Ka6 65. Qb4 a3 66. Kd6 Ka7 67. Kc7 Ka6 68. Qa4# 1-0

[Event "GER-ch Net Amateur Gr-B Vor2"]
[Site "Playchess.com INT"]
[Date "2020.04.15"]
[Round "2"]
[White "Schmukal, Jens"]
[Black "Kanbach, Mike"]
[Result "1-0"]
[WhiteElo "1697"]
[BlackElo "1494"]
[PlyCount "77"]
[EventDate "2020.04.15"]
[EventType "swiss (blitz)"]
[EventRounds "9"]
[EventCountry "GER"]
[SourceTitle "CBM 196 Extra"]
[Source "ChessBase"]
[SourceDate "2020.07.31"]
[SourceVersion "1"]
[SourceVersionDate "2020.07.31"]
[SourceQuality "1"]

1. d4 e6 2. c4 Bb4+ 3. Nc3 c5 4. d5 d6 5. a3 Bxc3+ 6. bxc3 Nf6 7. Nf3 0-0 8. Bg5 h6 9. Bh4 e5 10. e3 Bf5 11. Be2 Nbd7 12. 0-0 Qa5 13. Qb3 Rfb8 14. Nd2 a6 15. f3 b5 16. e4 Bg6 17. Qc2 bxc4 18. Bxc4 Nb6 19. Bb3 Qb5 20. c4 Qd7 21. a4 a5 22. Qc3 Nc8 23. Bc2 Qa7 24. Rfb1 Ne8 25. Rb5 Qc7 26. Nb3 Rxb5 27. cxb5 Nb6 28. Nd2 Qa7 29. Nc4 Nxc4 30. Qxc4 Qb6 31. Be1 Bh7 32. Bd2 g5 33. h3 Ng7 34. Kh2 h5 35. Bxg5 Bg6 36. Bd2 Qc7 37. Rf1 Qe7 38. f4 Qh4 39. fxe5 1-0

[Event "GER-ch Net Amateur Gr-B Vor1"]
[Site "Playchess.com INT"]
[Date "2020.04.14"]
[Round "7"]
[White "Poggemann, Alexander"]
[Black "Kanbach, Mike"]
[Result "1-0"]
[WhiteElo "1567"]
[BlackElo "1512"]
[PlyCount "55"]
[EventDate "2020.04.14"]
[EventType "swiss (blitz)"]
[EventRounds "9"]
[EventCountry "GER"]
[SourceTitle "EXT 2021"]
[Source "ChessBase"]
[SourceDate "2020.10.23"]
[SourceVersion "1"]
[SourceVersionDate "2020.10.23"]
[SourceQuality "1"]

1. e4 e6 2. d4 d5 3. exd5 exd5 4. Nf3 Nc6 5. Bd3 Bd6 6. 0-0 Nge7 7. Re1 Bg4 8. h3 Bh5 9. Bg5 f6 10. Bh4 Qd7 11. Nc3 0-0-0 12. a4 g5 13. Bg3 Bxg3 14. fxg3 g4 15. Nh4 Bg6 16. Bxg6 hxg6 17. Qxg4 f5 18. Qg5 Rh5 19. Qd2 g5 20. Nf3 Rdh8 21. Nxg5 Rg8 22. h4 Qe8 23. Nxd5 Qd7 24. Nf6 Qd6 25. Nxh5 Ng6 26. Nf4 Nxd4 27. Nxg6 Nf3+ 28. Nxf3 1-0

[Event "Vellmar op 11th"]
[Site "Vellmar"]
[Date "2019.07.04"]
[Round "1"]
[White "Kanbach, Mike"]
[Black "Hahn, Florian"]
[Result "1/2-1/2"]
[WhiteElo "1826"]
[BlackElo "2138"]
[PlyCount "40"]
[EventDate "2019.07.04"]
[EventType "swiss"]
[EventRounds "7"]
[EventCountry "GER"]
[SourceTitle "CBM 191 Extra"]
[Source "ChessBase"]
[SourceDate "2019.09.30"]
[SourceVersion "1"]
[SourceVersionDate "2019.09.30"]
[SourceQuality "1"]

1. Nf3 c5 2. e3 g6 3. d4 Bg7 4. Be2 Nf6 5. 0-0 b6 6. Nbd2 0-0 7. c3 Bb7 8. b4 d5 9. bxc5 bxc5 10. Rb1 Qc7 11. Qb3 Bc8 12. c4 Ba6 13. Qa4 Bc8 14. Qb3 Be6 15. Qb7 Qxb7 16. Rxb7 Nc6 17. Rc7 Rfc8 18. Rxc8+ Rxc8 19. dxc5 Na5 20. Nd4 Rxc5 1/2-1/2

[Event "Vellmar op 10th"]
[Site "Vellmar"]
[Date "2018.07.13"]
[Round "2"]
[White "Kanbach, Mike"]
[Black "Boder, Jan"]
[Result "1/2-1/2"]
[WhiteElo "1817"]
[BlackElo "1848"]
[PlyCount "58"]
[EventDate "2018.07.12"]
[EventType "swiss"]
[EventRounds "7"]
[EventCountry "GER"]
[SourceTitle "CBM 185 Extra"]
[Source "ChessBase"]
[SourceDate "2018.07.29"]
[SourceVersion "1"]
[SourceVersionDate "2018.07.29"]
[SourceQuality "1"]

1. Nf3 Nf6 2. d4 g6 3. Nbd2 Bg7 4. e4 d6 5. Bd3 0-0 6. 0-0 c5 7. dxc5 dxc5 8. Bc4 Nc6 9. c3 a6 10. a4 Rb8 11. Qe2 Qc7 12. e5 Ng4 13. e6 f5 14. h3 Nge5 15. Re1 Nxc4 16. Nxc4 b5 17. axb5 axb5 18. Nce5 Nxe5 19. Nxe5 Rb6 20. Nd7 Bxd7 21. exd7 e5 22. Rd1 Rd8 23. Qd3 Bf6 24. Qd5+ Kg7 25. Be3 Be7 26. Ra8 Rxa8 27. Qxa8 Rd6 28. Rxd6 Qxd6 29. Qc8 Qf6 1/2-1/2

[Event "Vellmar op 9th"]
[Site "Vellmar"]
[Date "2017.07.16"]
[Round "7"]
[White "Kanbach, Mike"]
[Black "Zell, Daniel"]
[Result "0-1"]
[WhiteElo "1846"]
[BlackElo "1938"]
[PlyCount "82"]
[EventDate "2017.07.13"]
[EventType "swiss"]
[EventRounds "7"]
[EventCountry "GER"]
[SourceTitle "CBM 179 Extra"]
[Source "ChessBase"]
[SourceDate "2017.08.23"]
[SourceVersion "1"]
[SourceVersionDate "2017.08.23"]
[SourceQuality "1"]

1. Nf3 d5 2. d4 Nc6 3. e3 Nf6 4. Bb5 e6 5. 0-0 Bd6 6. c4 dxc4 7. Bxc6+ bxc6 8. Qa4 Bb7 9. Qxc4 0-0 10. Nbd2 Nd7 11. b3 a5 12. Re1 c5 13. e4 Ba6 14. Qc2 cxd4 15. Nxd4 Ne5 16. N4f3 Nd3 17. Re3 Bf4 18. Nc4 Bxe3 19. Bxe3 Nb4 20. Qc1 Bxc4 21. Qxc4 Qd3 22. Qxc7 Qxe4 23. Rd1 Qc2 24. Qd7 Qxa2 25. Bc5 Qxb3 26. Bxf8 Rxf8 27. Ng5 h6 28. Ne4 Nd5 29. Rf1 Qb4 30. Nd6 a4 31. Nxf7 Rxf7 32. Qe8+ Qf8 33. Qxe6 Nf4 34. Qc4 Qa8 35. f3 Qa7+ 36. Kh1 a3 37. Re1 Kh7 38. Qc2+ g6 39. Qa2 Re7 40. Rd1 Qe3 41. Qa1 Qe2 0-1

[Event "Vellmar op 9th"]
[Site "Vellmar"]
[Date "2017.07.14"]
[Round "3"]
[White "Kanbach, Mike"]
[Black "Toval, David"]
[Result "1-0"]
[WhiteElo "1846"]
[BlackElo "1733"]
[PlyCount "97"]
[EventDate "2017.07.13"]
[EventType "swiss"]
[EventRounds "7"]
[EventCountry "GER"]
[SourceTitle "CBM 179 Extra"]
[Source "ChessBase"]
[SourceDate "2017.08.23"]
[SourceVersion "1"]
[SourceVersionDate "2017.08.23"]
[SourceQuality "1"]

1. Nf3 Nf6 2. d4 e6 3. e3 b6 4. Bd3 Bb7 5. Nbd2 d5 6. Ne5 Nbd7 7. f4 c5 8. Qf3 Qc7 9. c3 c4 10. Bc2 Be7 11. 0-0 Rf8 12. Rf2 0-0-0 13. Nxd7 Rxd7 14. b3 cxb3 15. Bxb3 Qxc3 16. Rb1 Rc7 17. Bb2 Qd3 18. Rd1 Qg6 19. Qe2 Qg4 20. Qf1 Kb8 21. Rf3 Qf5 22. Rg3 g6 23. Rg5 Ng4 24. Rxf5 Nxe3 25. Qe2 Nxd1 26. Bxd1 gxf5 27. Qd3 Bd6 28. g3 Rfc8 29. Kf2 a5 30. Nb1 Ka7 31. Nc3 Ba6 32. Nb5+ Kb8 33. a4 Bb4 34. Qe3 Bxb5 35. axb5 Rc2+ 36. Bxc2 Rxc2+ 37. Kg1 Rxb2 38. Qc1 Ra2 39. Qc6 a4 40. Qxb6+ Kc8 41. Qc6+ Kd8 42. b6 Ke7 43. Qc7+ Kf6 44. b7 a3 45. Qe5+ Kg6 46. b8Q Ra1+ 47. Kg2 a2 48. Qg8+ Kh5 49. Qg5# 1-0

[Event "Vellmar op 7th"]
[Site "Vellmar"]
[Date "2015.08.07"]
[Round "3"]
[White "Kanbach, Mike"]
[Black "Schnegelsberg, Karl Heinz"]
[Result "1-0"]
[WhiteElo "1872"]
[BlackElo "2006"]
[PlyCount "97"]
[EventDate "2015.08.06"]
[EventType "swiss"]
[EventRounds "7"]
[EventCountry "GER"]
[SourceTitle "CBM 167 Extra"]
[Source "ChessBase"]
[SourceDate "2015.09.14"]
[SourceVersion "1"]
[SourceVersionDate "2015.09.14"]
[SourceQuality "1"]

1. d4 Nf6 2. Nf3 g6 3. Nbd2 d5 4. b4 Bg7 5. Bb2 0-0 6. e3 Nbd7 7. Be2 a5 8. b5 c5 9. c4 b6 10. 0-0 Bb7 11. Rc1 e6 12. Qc2 Rc8 13. Qb1 Qe7 14. Rfe1 Rfd8 15. h3 Ba8 16. Bd3 cxd4 17. exd4 dxc4 18. Bxc4 Bh6 19. Rc2 Nd5 20. Bf1 Rxc2 21. Qxc2 Bf4 22. a3 Bd6 23. Ne4 Bxa3 24. Bxa3 Qxa3 25. Qd2 Qf8 26. Qg5 Rc8 27. Qg3 Rc2 28. Neg5 Rc3 29. Qh4 h6 30. Ne4 Rc8 31. Qg3 N5f6 32. Nd6 Rc3 33. Nc4 Bxf3 34. gxf3 Nd5 35. Nd2 N7f6 36. Ne4 Nxe4 37. Rxe4 Nf6 38. Rh4 Rc8 39. Qe5 Qg7 40. Qd6 g5 41. Re4 Nxe4 42. fxe4 Qf6 43. Qxb6 Qd8 44. Qa7 Qc7 45. Qa6 Rb8 46. Qc6 Qxc6 47. bxc6 Rb6 48. d5 exd5 49. exd5 1-0

[Event "Vellmar op 7th"]
[Site "Vellmar"]
[Date "2015.08.06"]
[Round "1"]
[White "Sieber, Fiona"]
[Black "Kanbach, Mike"]
[Result "1-0"]
[WhiteElo "2098"]
[BlackElo "1872"]
[PlyCount "49"]
[EventDate "2015.08.06"]
[EventType "swiss"]
[EventRounds "7"]
[EventCountry "GER"]
[SourceTitle "CBM 167 Extra"]
[Source "ChessBase"]
[SourceDate "2015.09.14"]
[SourceVersion "1"]
[SourceVersionDate "2015.09.14"]
[SourceQuality "1"]

1. e4 e6 2. d4 d5 3. Nc3 Nc6 4. e5 f6 5. Nf3 Bd7 6. Bd3 Qe7 7. 0-0 Qf7 8. Nb5 0-0-0 9. c4 Nge7 10. exf6 gxf6 11. Bf4 e5 12. dxe5 dxc4 13. exf6 Qxf6 14. Bxc7 cxd3 15. Bxd8 Kxd8 16. Qxd3 Kc8 17. Rfd1 Bg4 18. Qb3 Nf5 19. Rac1 Kb8 20. Rxc6 Qxc6 21. Rd8+ Qc8 22. Rxc8+ Kxc8 23. Qc3+ Kd8 24. Qxh8 a6 25. Qd4+ 1-0